Business correspondence and report writing : (Record no. 51095)

MARC details
000 -LEADER
fixed length control field 01191nam a22003017a 4500
005 - DATE AND TIME OF LATEST TRANSACTION
control field 20110316143212.0
008 - FIXED-LENGTH DATA ELEMENTS--GENERAL INFORMATION
fixed length control field 110316t xxu||||| |||| 00| 0 eng d
010 ## - LCCN (DPL NO)
LC control number ENG-102145
020 ## - INTERNATIONAL STANDARD BOOK NUMBER
International Standard Book Number 9780070681989
Terms of availability 275.00
020 ## - INTERNATIONAL STANDARD BOOK NUMBER
International Standard Book Number 0070681988
Terms of availability 275.00
035 ## - SYSTEM CONTROL NUMBER
System control number EN-85678
037 ## - SOURCE OF ACQUISITION
Source of stock number/acquisition DBAD/PUB
040 ## - CATALOGING SOURCE
Original cataloging agency dpl
Language of cataloging Eng
100 1# - MAIN ENTRY--PERSONAL NAME
Personal name Sharma, R. C.
9 (RLIN) 26630
245 10 - TITLE STATEMENT
Title Business correspondence and report writing :
Statement of responsibility, etc by R.C.Sharma [and] Krishna Mohan
Remainder of title a practical approach to business & technical communication /
250 ## - EDITION STATEMENT
Edition statement 4th ed
260 ## - PUBLICATION, DISTRIBUTION, ETC. (IMPRINT)
Place of publication, distribution, etc New Delhi
Name of publisher, distributor, etc Tata McGraw-Hill
Date of publication, distribution, etc 2011
270 ## - ADDRESS
Address 7, West Patel Nagar
City New Delhi
Postal code 110008
300 ## - PHYSICAL DESCRIPTION
Extent xx, 514 p.
Dimensions 25cm (pbk)
500 ## - GENERAL NOTE
General note Includes index.
650 #0 - SUBJECT ADDED ENTRY--TOPICAL TERM
Topical term or geographic name as entry element Business report writing
9 (RLIN) 26631
650 #0 - SUBJECT ADDED ENTRY--TOPICAL TERM
Topical term or geographic name as entry element Commercial correspondence
9 (RLIN) 26635
700 ## - ADDED ENTRY--PERSONAL NAME
Personal name Krishna Mohan
9 (RLIN) 26636
856 41 - ELECTRONIC LOCATION AND ACCESS
Uniform Resource Identifier <a href="http://www.loc.gov/catdir/enhancements/fy0643/2005052214-t.html">http://www.loc.gov/catdir/enhancements/fy0643/2005052214-t.html</a>
942 ## - ADDED ENTRY ELEMENTS (KOHA)
Source of classification or shelving scheme Dewey Decimal Classification
Item type English Books
Call number suffix SHA
Holdings
Withdrawn status Lost status Source of classification or shelving scheme Damaged status Not for loan Collection code Home library Current library Date acquired Source of acquisition Cost, normal purchase price Total Checkouts Full call number Barcode Date last seen Copy number Cost, replacement price Koha item type
    Dewey Decimal Classification   Not For Loan Non-fiction D.B.Act.Division D.B.Act.Division 16/03/2011 DBAD/PUB 275.00   SHA EN-85678 16/03/2011 1 275.00 English Books

© Delhi Public Library
Hit Counter
free hit counter